[Event "Benidorm 2010 - Sub-2000"]
[Site "Benidorm ESP"]
[Date "2010.12.03"]
[Round "1.1"]
[White "Abul, Qasem"]
[Black "Castan Sanclemente, Alejandro"]
[Result "0-1"]
[WhiteElo "1999"]
[BlackElo "1814"]
[PlyCount "68"]
[EventDate "2010.12.03"]
[EventType "swiss"]
[EventRounds "10"]
[EventCountry "ESP"]
[Source "lmi"]
[SourceDate "2010.12.03"]

1. e4 e5 2. Nf3 Nc6 3. Bc4 Nf6 4. Ng5 d5 5. exd5 Na5 6. Bb5+ c6 7. dxc6 bxc6 8.
Qf3 Qb6 9. Ba4 Bd7 10. Nc3 h6 11. Nge4 Nxe4 12. Qxe4 Bd6 13. d3 f5 14. Qe2 O-O
15. O-O Rae8 16. a3 Qd8 17. Qh5 Qf6 18. f4 exf4 19. Kh1 Re7 20. Bxf4 Bxf4 21.
Rxf4 Rfe8 22. Rff1 Nb7 23. Bb3+ Kh7 24. Rab1 Nc5 25. Bc4 Re3 26. Qd1 Be6 27.
Bxe6 Nxe6 28. Qd2 Nd4 29. Ne4 R8xe4 30. dxe4 Re2 31. Qd3 Qg5 32. Rg1 Rd2 33.
Qc3 Ne2 34. Qxc6 Nd4 0-1

[Event "Benidorm 2010 - Sub-2000"]
[Site "Benidorm ESP"]
[Date "2010.12.03"]
[Round "1.2"]
[White "Olmos Rosa, Fernando"]
[Black "Quintana Hernandez, Marcos Ivan"]
[Result "1-0"]
[WhiteElo "1814"]
[BlackElo "1999"]
[PlyCount "113"]
[EventDate "2010.12.03"]
[EventType "swiss"]
[EventRounds "10"]
[EventCountry "ESP"]
[Source "lmi"]
[SourceDate "2010.12.03"]

1. e4 c5 2. g3 Nc6 3. Bg2 d6 4. f4 e5 5. d3 f5 6. Nc3 Nf6 7. Nf3 g6 8. Be3 Bg7
9. fxe5 Ng4 10. Bg1 Ngxe5 11. Nxe5 Bxe5 12. Be3 Nd4 13. Nd5 fxe4 14. dxe4 Rf8
15. c3 Ne6 16. Qd2 Qa5 17. Rf1 Rxf1+ 18. Kxf1 Qd8 19. Kg1 Bd7 20. Rf1 Bc6 21.
Qf2 Qd7 22. Bg5 h6 23. Nf6+ Bxf6 24. Qxf6 hxg5 25. Qh8+ Ke7 26. Qf6+ Ke8 27.
Qh8+ Ke7 28. Qxa8 Qe8 29. Qxe8+ Bxe8 30. e5 b6 31. exd6+ Kxd6 32. Rd1+ Ke7 33.
Kf2 Kf6 34. Ke3 Ke5 35. Bb7 Bf7 36. Rd7 Kf6 37. Bd5 a5 38. Rb7 Ke5 39. Bxe6
Bxe6 40. a3 a4 41. Rxb6 Bb3 42. Kd3 c4+ 43. Ke3 Kf5 44. h3 g4 45. h4 Bc2 46.
Kd4 Bb3 47. Rb4 Ke6 48. Rb6+ Kf5 49. Rc6 Ba2 50. Rc5+ Kf6 51. Rg5 Kf7 52. Rxg4
Kf6 53. Rg5 Kf7 54. Rc5 Kf6 55. g4 Kf7 56. Rxc4 Bxc4 57. Kxc4 1-0

[Event "Benidorm 2010 - Sub-2000"]
[Site "Benidorm ESP"]
[Date "2010.12.03"]
[Round "1.3"]
[White "Ledo Galan, Jose Emilio"]
[Black "Portillo Castellon, Javier"]
[Result "1-0"]
[WhiteElo "1998"]
[BlackElo "1814"]
[PlyCount "99"]
[EventDate "2010.12.03"]
[EventType "swiss"]
[EventRounds "10"]
[EventCountry "ESP"]
[Source "lmi"]
[SourceDate "2010.12.03"]

1. e4 c6 2. Nf3 d5 3. Nc3 dxe4 4. Nxe4 Nf6 5. Nxf6+ exf6 6. Bc4 Bd6 7. O-O O-O
8. Re1 Bg4 9. d4 Nd7 10. c3 Re8 11. Qb3 Rxe1+ 12. Nxe1 Qe7 13. Be3 b5 14. Bd3
Nb6 15. Qc2 g6 16. h3 Be6 17. Rd1 Nd5 18. Bc1 Nf4 19. Be4 Rd8 20. b3 Bd5 21.
Bxd5 Nxd5 22. Nf3 Re8 23. Bd2 Qe4 24. Qxe4 Rxe4 25. Re1 Rxe1+ 26. Nxe1 Kf8 27.
Kf1 Nf4 28. Bxf4 Bxf4 29. Ke2 Ke7 30. Kd3 Ke6 31. c4 Bc1 32. Nc2 f5 33. Nb4
bxc4+ 34. Kxc4 Kd6 35. Nd3 Bg5 36. Ne5 f6 37. Nf7+ Ke6 38. Nxg5+ fxg5 39. d5+
Kd6 40. dxc6 Kxc6 41. b4 h5 42. a4 h4 43. Kd4 Kd6 44. b5 Kc7 45. a5 g4 46. Ke5
gxh3 47. gxh3 Kd7 48. Kf6 Kd6 49. b6 a6 50. Kxg6 1-0

[Event "Benidorm 2010 - Sub-2000"]
[Site "Benidorm ESP"]
[Date "2010.12.03"]
[Round "1.4"]
[White "Pelegri Castello, Elias"]
[Black "Sos Andreu, Erik"]
[Result "0-1"]
[WhiteElo "1813"]
[BlackElo "1998"]
[PlyCount "80"]
[EventDate "2010.12.03"]
[EventType "swiss"]
[EventRounds "10"]
[EventCountry "ESP"]
[Source "lmi"]
[SourceDate "2010.12.03"]

1. Nf3 Nf6 2. c4 e6 3. g3 d5 4. Bg2 c6 5. O-O Nbd7 6. Qc2 Bd6 7. d4 O-O 8. Nbd2
Qe7 9. e4 Nxe4 10. Nxe4 dxe4 11. Qxe4 Nf6 12. Qe2 Qc7 13. c5 Be7 14. b4 Nd5 15.
Bd2 Bf6 16. Rfe1 Rd8 17. Qc4 b6 18. Rac1 bxc5 19. Qxc5 Be7 20. Qc4 Qb6 21. a3
Bb7 22. Qd3 Bf6 23. Ne5 Rac8 24. Rcd1 Ne7 25. Bc3 Ba6 26. Qe4 Nd5 27. Bb2 Bb5
28. Ng4 Be7 29. Ne3 a5 30. bxa5 Qxa5 31. Ra1 Rb8 32. Qc2 Bg5 33. h4 Ba4 34. Qe2
Bxe3 35. fxe3 Nxe3 36. d5 Nxg2 37. Kxg2 Qxd5+ 38. Kh2 Rb3 39. Rad1 Rxb2 40.
Qxb2 Bxd1 0-1

[Event "Benidorm 2010 - Sub-2000"]
[Site "Benidorm ESP"]
[Date "2010.12.03"]
[Round "1.6"]
[White "Osorio Villegas, Juan Manuel"]
[Black "Fardbehbahani, Behna"]
[Result "1-0"]
[WhiteElo "1813"]
[BlackElo "1997"]
[PlyCount "127"]
[EventDate "2010.12.03"]
[EventType "swiss"]
[EventRounds "10"]
[EventCountry "ESP"]
[Source "lmi"]
[SourceDate "2010.12.03"]

1. d4 d6 2. c4 g6 3. Nf3 Bg7 4. Nc3 Nf6 5. h3 Na6 6. e4 c5 7. d5 O-O 8. Be2 Nc7
9. O-O a6 10. Qc2 Rb8 11. Bg5 h6 12. Be3 b5 13. e5 dxe5 14. Nxe5 Bf5 15. Qc1
Qd6 16. Nc6 g5 17. Nxb8 Rxb8 18. h4 bxc4 19. hxg5 hxg5 20. Bxg5 Ncxd5 21. Rd1
Nxc3 22. bxc3 Qc6 23. Qf4 Rc8 24. Bxc4 Qe4 25. Qxe4 Nxe4 26. Bd3 Nxg5 27. Bxf5
Bxc3 28. Rac1 Bd4 29. Kf1 e6 30. Bd3 a5 31. Ke2 e5 32. Bf5 Kg7 33. Rb1 Kf6 34.
g4 Nh3 35. Rb5 Ra8 36. Rh1 Nf4+ 37. Kf3 Ra7 38. Rh6+ Kg5 39. Rh7 c4 40. Rb8 Kf6
41. Rc8 c3 42. Rc6+ Kg5 43. Rg7+ Ng6 44. Kg3 Kh6 45. Rg8 Kh7 46. Rcc8 Kh6 47.
Bxg6 fxg6 48. Rc6 Kh7 49. Rgxg6 Rf7 50. Rgf6 Re7 51. Rh6+ Kg7 52. Rcg6+ Kf8 53.
Rh8+ Kf7 54. Rh7+ Kxg6 55. Rxe7 Kf6 56. Rc7 Ke6 57. Kf3 Kd6 58. Rc8 Kd5 59.
Rd8+ Kc4 60. Ke2 e4 61. g5 Bb6 62. Rc8+ Kd5 63. g6 Bd4 64. Rd8+ 1-0

[Event "Benidorm 2010 - Sub-2000"]
[Site "Benidorm ESP"]
[Date "2010.12.03"]
[Round "1.7"]
[White "Fuentes Arjona, Antonio"]
[Black "Molvig, Julius"]
[Result "1-0"]
[WhiteElo "1996"]
[BlackElo "1813"]
[PlyCount "101"]
[EventDate "2010.12.03"]
[EventType "swiss"]
[EventRounds "10"]
[EventCountry "ESP"]
[Source "lmi"]
[SourceDate "2010.12.03"]

1. e4 c5 2. Nf3 d6 3. d4 cxd4 4. Nxd4 Nf6 5. f3 e6 6. Nc3 a6 7. Bc4 b5 8. Bb3
Nbd7 9. Be3 Nc5 10. Qd2 Nxb3 11. axb3 Bb7 12. g4 Be7 13. g5 b4 14. Na4 Nd7 15.
Qxb4 Nc5 16. Nxc5 dxc5 17. Qxb7 cxd4 18. Qc6+ Kf8 19. Bxd4 Rc8 20. Qxa6 Rxc2
21. Qa8 Rc8 22. Qa4 Bxg5 23. O-O Bf4 24. Rad1 Qg5+ 25. Kh1 e5 26. Qb4+ Qe7 27.
Bc3 Qxb4 28. Bxb4+ Ke8 29. Rf2 Rb8 30. Ba5 Ke7 31. Rc2 Rhc8 32. Bb4+ Ke8 33.
Rxc8+ Rxc8 34. Bc3 Rd8 35. Rxd8+ Kxd8 36. Kg2 Kd7 37. h3 Ke6 38. Kf2 g6 39. Ke2
f5 40. Kd3 Kd6 41. b4 Kc6 42. Kc4 fxe4 43. fxe4 Kd6 44. b5 Be3 45. Bb4+ Kc7 46.
Bc5 Bc1 47. b3 g5 48. Kd5 Bb2 49. Bd6+ Kb6 50. Bxe5 Bxe5 51. Kxe5 1-0

[Event "Benidorm 2010 - Sub-2000"]
[Site "Benidorm ESP"]
[Date "2010.12.03"]
[Round "1.9"]
[White "Morant Amezaga, Elies"]
[Black "Costa Correas, Francisco"]
[Result "1-0"]
[WhiteElo "1996"]
[BlackElo "1812"]
[PlyCount "46"]
[EventDate "2010.12.03"]
[EventType "swiss"]
[EventRounds "10"]
[EventCountry "ESP"]
[Source "lmi"]
[SourceDate "2010.12.03"]

1. d4 Nf6 2. c4 c5 3. Nf3 g6 4. Nc3 cxd4 5. Nxd4 Nc6 6. e4 d6 7. Be2 Bg7 8. Be3
O-O 9. O-O Bd7 10. f3 e5 11. Ndb5 Ne8 12. Nxd6 Nd4 13. Nxe8 Rxe8 14. Nd5 f5 15.
Qd2 f4 16. Nxf4 exf4 17. Bxd4 Ba4 18. Bc3 Qb6+ 19. Kh1 g5 20. Qd5+ Re6 21. c5
Qc6 22. Bc4 Rae8 23. Qxg5 R8e7 1-0

[Event "Benidorm 2010 - Sub-2000"]
[Site "Benidorm ESP"]
[Date "2010.12.03"]
[Round "1.10"]
[White "Castilla Arteaga, Carlos David"]
[Black "Franco Arroyo, Fernando"]
[Result "0-1"]
[WhiteElo "1811"]
[BlackElo "1994"]
[PlyCount "91"]
[EventDate "2010.12.03"]
[EventType "swiss"]
[EventRounds "10"]
[EventCountry "ESP"]
[Source "lmi"]
[SourceDate "2010.12.03"]

1. e4 e5 2. Nf3 d6 3. d4 Nd7 4. Bc4 c6 5. a4 Be7 6. dxe5 Nxe5 7. Nxe5 Qa5+ 8.
Nc3 Qxe5 9. Be3 Nf6 10. f3 O-O 11. O-O Qh5 12. Qd2 h6 13. Rad1 Qa5 14. b3 Be6
15. Bxe6 fxe6 16. Ne2 Qc7 17. Nf4 Qd7 18. Ng6 Rfd8 19. e5 Nd5 20. Nxe7+ Qxe7
21. c4 Nxe3 22. Qxe3 d5 23. cxd5 cxd5 24. f4 b6 25. f5 exf5 26. Rxf5 Qe6 27.
Qh3 Re8 28. Rdf1 Kh7 29. Qd3 Kh8 30. Qh3 Re7 31. Qd3 Kg8 32. Qf3 Rae8 33. Rf8+
Rxf8 34. Qxf8+ Kh7 35. Qf5+ Qxf5 36. Rxf5 Kg6 37. Rf3 Rxe5 38. Kf2 Rf5 39. h3
Rxf3+ 40. Kxf3 Kf5 41. g3 d4 42. b4 a6 43. a5 b5 44. h4 g5 45. h5 g4+ 46. Kf2
0-1

[Event "Benidorm 2010 - Sub-2000"]
[Site "Benidorm ESP"]
[Date "2010.12.03"]
[Round "1.12"]
[White "Moore, Robin"]
[Black "Ferrandiz Iserte, Albert"]
[Result "0-1"]
[WhiteElo "1811"]
[BlackElo "1993"]
[PlyCount "60"]
[EventDate "2010.12.03"]
[EventType "swiss"]
[EventRounds "10"]
[EventCountry "ESP"]
[Source "lmi"]
[SourceDate "2010.12.03"]

1. e4 e6 2. Nf3 d5 3. e5 c5 4. b4 c4 5. a3 a5 6. bxa5 Qxa5 7. Bb2 Bc5 8. Be2
Qb6 9. Qc1 Bxf2+ 10. Kd1 Ne7 11. d4 cxd3 12. Bxd3 O-O 13. Bxh7+ Kxh7 14. Qg5
Nf5 15. Qh5+ Kg8 16. g4 g6 17. Qh3 Qxb2 18. gxf5 exf5 19. Ng5 Qd4+ 20. Nd2 Qg4+
21. Qf3 Qxf3+ 22. Ndxf3 Bc5 23. h4 Kg7 24. Ke2 Rxa3 25. Rab1 Nc6 26. Rb5 b6 27.
h5 Rh8 28. h6+ Rxh6 29. Rxh6 Kxh6 30. Rb1 Ba6+ 0-1

[Event "Benidorm 2010 - Sub-2000"]
[Site "Benidorm ESP"]
[Date "2010.12.03"]
[Round "1.14"]
[White "Vidal Moscardo, Blas"]
[Black "Gomez Peco, David"]
[Result "0-1"]
[WhiteElo "1806"]
[BlackElo "1993"]
[PlyCount "74"]
[EventDate "2010.12.03"]
[EventType "swiss"]
[EventRounds "10"]
[EventCountry "ESP"]
[Source "lmi"]
[SourceDate "2010.12.03"]

1. d4 Nf6 2. c4 g6 3. Nc3 Bg7 4. e4 d6 5. Nf3 O-O 6. Be2 e5 7. d5 a5 8. O-O Na6
9. Be3 h6 10. h3 Bd7 11. Qd2 Kh7 12. Nh2 Nc5 13. Bxc5 dxc5 14. Rad1 Ne8 15. f4
exf4 16. Qxf4 Qe7 17. Kh1 Nd6 18. Bd3 Be5 19. Qd2 b6 20. Rf3 Rae8 21. Rdf1 Kg7
22. Qc2 Bxc3 23. Qxc3+ Qe5 24. Qxe5+ Rxe5 25. Re3 f5 26. Nf3 Rxe4 27. Bxe4 fxe4
28. Nd2 Rxf1+ 29. Nxf1 Kf6 30. Nd2 Ke5 31. Kg1 a4 32. Kf2 c6 33. Nf3+ Kf6 34.
Nd2 cxd5 35. cxd5 Ke5 36. Ra3 b5 37. Ke3 b4 0-1

[Event "Benidorm 2010 - Sub-2000"]
[Site "Benidorm ESP"]
[Date "2010.12.03"]
[Round "1.15"]
[White "Perez Garcia, Jose Miguel"]
[Black "Ull Molina, Cristian"]
[Result "1-0"]
[WhiteElo "1993"]
[BlackElo "1803"]
[PlyCount "137"]
[EventDate "2010.12.03"]
[EventType "swiss"]
[EventRounds "10"]
[EventCountry "ESP"]
[Source "lmi"]
[SourceDate "2010.12.03"]

1. d4 Nf6 2. Nf3 d6 3. c4 g6 4. Nc3 Bg7 5. e4 O-O 6. Be2 e5 7. d5 Nh5 8. Bg5
Qd7 9. Qd2 f5 10. exf5 Qxf5 11. O-O Nf4 12. Bxf4 Qxf4 13. Qxf4 Rxf4 14. Ng5 Na6
15. a3 Bd7 16. f3 Nc5 17. Nge4 Nb3 18. Rad1 Rc8 19. Bd3 a6 20. Ne2 Rff8 21. Bc2
Nc5 22. b4 Nxe4 23. Bxe4 Bh6 24. Rd3 Ba4 25. Ng3 Rf7 26. Kf2 Rf4 27. Ke2 Rf7
28. Rc3 Bg7 29. Nh1 Bd7 30. Nf2 Rff8 31. h3 Rf7 32. Rfc1 Bh6 33. R1c2 Ba4 34.
Rb2 Bd7 35. c5 Rff8 36. Bd3 e4 37. Nxe4 Bg7 38. Rbc2 Bxc3 39. Rxc3 Bf5 40. c6
Bxe4 41. fxe4 b5 42. Ke3 Rf6 43. Be2 Kg7 44. a4 Ra8 45. Ra3 Rff8 46. Kd4 Rfb8
47. Bg4 h5 48. Be6 bxa4 49. Rxa4 Rb5 50. e5 dxe5+ 51. Kxe5 a5 52. bxa5 Rbxa5
53. Rf4 Rf8 54. Rb4 Ra7 55. Rb7 Rfa8 56. d6 Rxb7 57. cxb7 cxd6+ 58. Kxd6 Ra6+
59. Kc7 Rxe6 60. b8=Q Re7+ 61. Kd6 Rf7 62. Qb2+ Kh6 63. Qd2+ Kg7 64. Qd4+ Kh7
65. Ke6 Rg7 66. Kf6 Kh6 67. Qd8 Kh7 68. Qe8 Rg8 69. Qxg8+ 1-0

[Event "Benidorm 2010 - Sub-2000"]
[Site "Benidorm ESP"]
[Date "2010.12.03"]
[Round "1.16"]
[White "Najarro Garcia, Jose Maria"]
[Black "Bote Kobolo, Benjamin"]
[Result "0-1"]
[WhiteElo "1802"]
[BlackElo "1991"]
[PlyCount "52"]
[EventDate "2010.12.03"]
[EventType "swiss"]
[EventRounds "10"]
[EventCountry "ESP"]
[Source "lmi"]
[SourceDate "2010.12.03"]

1. e4 Nc6 2. d4 e5 3. Nf3 exd4 4. Nxd4 Bc5 5. Be3 Qf6 6. c3 Nge7 7. Nc2 Bxe3 8.
Nxe3 O-O 9. Nd2 d6 10. Qf3 Qh6 11. Be2 Ne5 12. Qg3 f5 13. exf5 Nxf5 14. Nxf5
Bxf5 15. Nf3 Nd3+ 16. Kf1 Nxb2 17. Nd4 Be4 18. Kg1 Rae8 19. h4 g5 20. Nf3 Bc6
21. Bf1 Qf6 22. Nd2 Na4 23. Rc1 b5 24. h5 Re5 25. Qh3 Qxf2+ 26. Kh2 Qf4+ 0-1

[Event "Benidorm 2010 - Sub-2000"]
[Site "Benidorm ESP"]
[Date "2010.12.03"]
[Round "1.19"]
[White "Kolev, Vasil"]
[Black "Gutierrez Galindo, Angel"]
[Result "1-0"]
[WhiteElo "1991"]
[BlackElo "1790"]
[PlyCount "41"]
[EventDate "2010.12.03"]
[EventType "swiss"]
[EventRounds "10"]
[EventCountry "ESP"]
[Source "lmi"]
[SourceDate "2010.12.03"]

1. d4 e6 2. c4 b6 3. Nc3 Bb7 4. e4 Bb4 5. Bd3 Nc6 6. Nge2 Bxc3+ 7. bxc3 e5 8.
O-O Nf6 9. f4 d6 10. d5 Na5 11. c5 dxc5 12. fxe5 Nd7 13. e6 fxe6 14. Nf4 Nf8
15. Qg4 Qe7 16. Nxe6 Nxe6 17. dxe6 O-O-O 18. Bg5 Qd6 19. e7+ Rd7 20. e5 h5 21.
exd6 1-0

[Event "Benidorm 2010 - Sub-2000"]
[Site "Benidorm ESP"]
[Date "2010.12.03"]
[Round "1.21"]
[White "Amoros Moran, Jose Joaquin"]
[Black "Maseda Iglesias, Luis"]
[Result "1/2-1/2"]
[WhiteElo "1989"]
[BlackElo "1787"]
[PlyCount "58"]
[EventDate "2010.12.03"]
[EventType "swiss"]
[EventRounds "10"]
[EventCountry "ESP"]
[Source "lmi"]
[SourceDate "2010.12.03"]

1. e4 e6 2. d4 d5 3. e5 c5 4. c3 Nc6 5. Nf3 Qb6 6. a3 Nh6 7. b4 cxd4 8. cxd4
Nf5 9. Bb2 Bd7 10. Be2 Be7 11. O-O f6 12. Bd3 O-O 13. Bxf5 exf5 14. Nc3 Be6 15.
Re1 fxe5 16. Nxe5 Nxe5 17. dxe5 Rad8 18. Na4 Qb5 19. Bd4 b6 20. Nc3 Qd7 21. f4
Rc8 22. Re3 Rc4 23. Rh3 Rfc8 24. Qd3 g6 25. Rd1 Qc6 26. Ne2 Qa4 27. Nc3 Rxc3
28. Bxc3 Rxc3 29. Qxc3 Qxd1+ 1/2-1/2

[Event "Benidorm 2010 - Sub-2000"]
[Site "Benidorm ESP"]
[Date "2010.12.03"]
[Round "1.29"]
[White "Rubio Tent, Francisco"]
[Black "Perez Guerra, Alberto"]
[Result "1-0"]
[WhiteElo "1980"]
[BlackElo "1772"]
[PlyCount "75"]
[EventDate "2010.12.03"]
[EventType "swiss"]
[EventRounds "10"]
[EventCountry "ESP"]
[Source "lmi"]
[SourceDate "2010.12.03"]

1. b3 e5 2. Bb2 Nc6 3. e3 d5 4. Bb5 Bd6 5. f4 Qe7 6. Nf3 f6 7. fxe5 fxe5 8.
Bxc6+ bxc6 9. Nxe5 Qg5 10. O-O Bxe5 11. h4 Bh2+ 12. Kxh2 Qxh4+ 13. Kg1 Bg4 14.
Rf4 Bxd1 15. Rxh4 Nf6 16. Na3 Be2 17. Bxf6 gxf6 18. Kf2 Ba6 19. Rah1 O-O-O 20.
Rxh7 Rxh7 21. Rxh7 Rd7 22. Rh8+ Rd8 23. Rxd8+ Kxd8 24. d4 Ke7 25. Nb1 f5 26.
Nc3 Kf6 27. Na4 Kg5 28. Nc5 Bc8 29. Kf3 Kg6 30. Kf4 Kf6 31. a3 Kg6 32. Nd3 Kf6
33. Ne5 Bb7 34. a4 Ke6 35. Kg5 c5 36. Nd3 Bc8 37. Nxc5+ Kd6 38. Kf6 1-0

[Event "Benidorm 2010 - Sub-2000"]
[Site "Benidorm ESP"]
[Date "2010.12.03"]
[Round "1.35"]
[White "Soler Giner, Salvador"]
[Black "Gastesi Urroz, Mikel"]
[Result "1-0"]
[WhiteElo "1968"]
[BlackElo "1752"]
[PlyCount "43"]
[EventDate "2010.12.03"]
[EventType "swiss"]
[EventRounds "10"]
[EventCountry "ESP"]
[Source "lmi"]
[SourceDate "2010.12.03"]

1. e4 e6 2. d4 d5 3. Nc3 Bb4 4. e5 c5 5. a3 Bxc3+ 6. bxc3 c4 7. Nf3 Nc6 8. Be2
Nge7 9. O-O h6 10. g3 O-O 11. Ne1 f5 12. exf6 Rxf6 13. f4 Nf5 14. Bf3 Bd7 15.
Ng2 b5 16. Qe1 Qb6 17. Kh1 a5 18. g4 Nd6 19. g5 hxg5 20. fxg5 Rff8 21. Qh4 Qd8
22. Qh5 1-0

[Event "Benidorm 2010 - Sub-2000"]
[Site "Benidorm ESP"]
[Date "2010.12.03"]
[Round "1.38"]
[White "Gracia Gracia, Victor Hugo"]
[Black "Esquerdo Nogueroles, Gaspar"]
[Result "0-1"]
[WhiteElo "1745"]
[BlackElo "1964"]
[PlyCount "45"]
[EventDate "2010.12.03"]
[EventType "swiss"]
[EventRounds "10"]
[EventCountry "ESP"]
[Source "lmi"]
[SourceDate "2010.12.03"]

1. e4 Nf6 2. e5 Nd5 3. Nc3 Nxc3 4. dxc3 d5 5. exd6 cxd6 6. Bc4 Qc7 7. Bb3 Nc6
8. Be3 e6 9. Nf3 Be7 10. Qd2 Bd7 11. O-O-O Na5 12. Bf4 Nxb3+ 13. axb3 e5 14.
Nxe5 dxe5 15. Bxe5 Qc6 16. Qe3 Be6 17. Bxg7 Rg8 18. Qh6 Bf5 19. g3 Qe4 20. Kb1
Qxc2+ 21. Ka2 Rd8 22. Rxd8+ Kxd8 23. Bd4 0-1

[Event "Benidorm 2010 - Sub-2000"]
[Site "Benidorm ESP"]
[Date "2010.12.03"]
[Round "1.43"]
[White "Proorocu, Aurel-george"]
[Black "Tome Salvador, Jose Antonio"]
[Result "1-0"]
[WhiteElo "1962"]
[BlackElo "1727"]
[PlyCount "59"]
[EventDate "2010.12.03"]
[EventType "swiss"]
[EventRounds "10"]
[EventCountry "ESP"]
[Source "lmi"]
[SourceDate "2010.12.03"]

1. d4 d5 2. Nf3 e6 3. g3 Nf6 4. Bg2 Be7 5. O-O O-O 6. b3 Nbd7 7. Bb2 Rb8 8.
Nbd2 b6 9. Re1 Bb7 10. Ne5 c5 11. e4 dxe4 12. Nxe4 Nxe5 13. Nxf6+ gxf6 14. dxe5
Qxd1 15. Raxd1 Bxg2 16. exf6 Bxf6 17. Bxf6 Bc6 18. Rd6 Rbc8 19. Re5 h6 20. f4
Kh7 21. Kf2 Rg8 22. h3 Rg6 23. Bh4 Rgg8 24. g4 Rge8 25. c4 Rc7 26. Rh5 Kg7 27.
f5 Be4 28. Bg3 Rc6 29. Be5+ Kh7 30. g5 1-0

[Event "Benidorm 2010 - Sub-2000"]
[Site "Benidorm ESP"]
[Date "2010.12.03"]
[Round "1.50"]
[White "Carmona Ramirez, Francisco"]
[Black "Alcaraz Lopez, Francesc"]
[Result "0-1"]
[WhiteElo "1699"]
[BlackElo "1958"]
[PlyCount "46"]
[EventDate "2010.12.03"]
[EventType "swiss"]
[EventRounds "10"]
[EventCountry "ESP"]
[Source "lmi"]
[SourceDate "2010.12.03"]

1. e4 c5 2. Nf3 Nc6 3. d4 cxd4 4. Nxd4 Nf6 5. Nc3 g6 6. Be2 Bg7 7. Be3 O-O 8.
O-O e6 9. Nxc6 bxc6 10. Qd3 d5 11. exd5 exd5 12. h3 Rb8 13. Rab1 Qa5 14. Bd4
Re8 15. a3 Bf5 16. Qd2 c5 17. Bxf6 Bxf6 18. Qxd5 Bxc2 19. b4 Qxa3 20. Bd1 Bxb1
21. Nxb1 Qxb4 22. Nd2 Rbd8 23. Qb3 Rxd2 0-1

[Event "Benidorm 2010 - Sub-2000"]
[Site "Benidorm ESP"]
[Date "2010.12.03"]
[Round "1.51"]
[White "Laurentiu, Burlacu"]
[Black "Andres Zamorano, Cayo"]
[Result "1-0"]
[WhiteElo "1955"]
[BlackElo "1694"]
[PlyCount "80"]
[EventDate "2010.12.03"]
[EventType "swiss"]
[EventRounds "10"]
[EventCountry "ESP"]
[Source "lmi"]
[SourceDate "2010.12.03"]

1. e4 e5 2. Nf3 d6 3. Bc4 Be7 4. h3 Nf6 5. Qe2 O-O 6. O-O c6 7. Bb3 Nbd7 8. c3
Nc5 9. Bc2 b6 10. b4 Ba6 11. d3 Ne6 12. a4 Qc7 13. Na3 Nh5 14. g3 g6 15. Bh6
Rfe8 16. Rfe1 Bf8 17. Bd2 Bg7 18. Bb3 Qd7 19. Kg2 Kh8 20. Nc4 Rf8 21. Rad1 f5
22. exf5 Rxf5 23. d4 Raf8 24. Nh4 Rxf2+ 25. Qxf2 Rxf2+ 26. Kxf2 exd4 27. Nxb6
Qf7+ 28. Nf3 d5 29. Nxd5 cxd5 30. Bxd5 Bc8 31. c4 Nf6 32. Rc1 Bd7 33. Bxe6 Bxe6
34. c5 Bxh3 35. Kg1 Qd5 36. Nh4 g5 37. Kh2 Bd7 38. Ng2 Ng4+ 39. Kg1 Bc6 40. Re2
d3 1-0

[Event "Benidorm 2010 - Sub-2000"]
[Site "Benidorm ESP"]
[Date "2010.12.03"]
[Round "1.59"]
[White "Vieito Soria, Luis Maria"]
[Black "Farwagi, Fouad-pierre"]
[Result "1-0"]
[WhiteElo "1942"]
[BlackElo "1671"]
[PlyCount "61"]
[EventDate "2010.12.03"]
[EventType "swiss"]
[EventRounds "10"]
[EventCountry "ESP"]
[Source "lmi"]
[SourceDate "2010.12.03"]

1. e4 c5 2. Nf3 d6 3. d4 cxd4 4. Nxd4 Nf6 5. Nc3 a6 6. Bc4 e6 7. Bb3 b5 8. O-O
Be7 9. Qf3 Qc7 10. Qg3 O-O 11. Bh6 Ne8 12. Be3 Bd7 13. f4 Nc6 14. f5 e5 15. Nd5
Qd8 16. Nf3 Rb8 17. Ng5 Nd4 18. Nxe7+ Qxe7 19. Bxd4 exd4 20. f6 Nxf6 21. Rxf6
Qxf6 22. Rf1 Qg6 23. Rxf7 Rxf7 24. Bxf7+ Qxf7 25. Nxf7 Kxf7 26. Qxd6 Rd8 27. e5
Ke8 28. e6 Bc8 29. Qc6+ Ke7 30. Qc7+ Ke8 31. Qf7# 1-0

[Event "Benidorm 2010 - Sub-2000"]
[Site "Benidorm ESP"]
[Date "2010.12.03"]
[Round "1.69"]
[White "Rubio Trigueros, Jose Luis"]
[Black "Laiglesia Nieto, Angel"]
[Result "1-0"]
[WhiteElo "1931"]
[BlackElo "1643"]
[PlyCount "39"]
[EventDate "2010.12.03"]
[EventType "swiss"]
[EventRounds "10"]
[EventCountry "ESP"]
[Source "lmi"]
[SourceDate "2010.12.03"]

1. d4 e6 2. c4 Bb4+ 3. Nc3 Nf6 4. e3 O-O 5. Nge2 d5 6. a3 Be7 7. Nf4 b6 8. Bd3
Bb7 9. cxd5 exd5 10. O-O Nbd7 11. Qf3 c6 12. Bd2 Qc7 13. Rfc1 a6 14. Ncxd5 Nxd5
15. Nxd5 Qd6 16. Nxe7+ Qxe7 17. Be4 Nb8 18. Bb4 c5 19. Bxb7 Ra7 20. dxc5 1-0

[Event "Benidorm 2010 - Sub-2000"]
[Site "Benidorm ESP"]
[Date "2010.12.03"]
[Round "1.72"]
[White "Perez Pardo, Adrian Jason"]
[Black "Sacristan Latorre, Alberto"]
[Result "0-1"]
[WhiteElo "1637"]
[BlackElo "1928"]
[PlyCount "106"]
[EventDate "2010.12.03"]
[EventType "swiss"]
[EventRounds "10"]
[EventCountry "ESP"]
[Source "lmi"]
[SourceDate "2010.12.03"]

1. e4 c5 2. Nf3 e6 3. d4 cxd4 4. Nxd4 a6 5. Bd3 Nf6 6. Nc3 Qc7 7. a3 b6 8. O-O
d6 9. Bg5 Be7 10. Qf3 Bb7 11. Qh3 Nbd7 12. Be3 Nc5 13. f3 O-O 14. Rac1 Rfd8 15.
Qg3 Kh8 16. b4 Ncd7 17. Nce2 Ne5 18. f4 Neg4 19. c4 Nxe3 20. Qxe3 Rac8 21. e5
Nd7 22. Qh3 Nf8 23. Rc2 Kg8 24. Nf3 dxe5 25. Nxe5 a5 26. Rb2 axb4 27. axb4 Bxb4
28. Kh1 Bd6 29. Ng4 Ba6 30. c5 Bxd3 31. cxd6 Rxd6 32. Qg3 Ng6 33. Rd2 Be4 34.
Rxd6 Qxd6 35. Qe3 Qd5 36. Rg1 Nh4 37. Qg3 Nf5 38. Qf2 Rd8 39. Ne5 Qc5 40. Qxc5
bxc5 41. Nc3 Ba8 42. Ra1 Nh4 43. Ra2 f6 44. Nd7 Bxg2+ 45. Rxg2 Nxg2 46. Nxf6+
gxf6 47. Kxg2 Rd2+ 48. Kg1 Kf7 49. Ne4 Rc2 50. h4 Kg6 51. h5+ Kf5 52. Nf2 Rxf2
53. Kxf2 Kxf4 0-1

[Event "Benidorm 2010 - Sub-2000"]
[Site "Benidorm ESP"]
[Date "2010.12.04"]
[Round "2.1"]
[White "Moreno Cervera, Jose Luis"]
[Black "Ledo Galan, Jose Emilio"]
[Result "0-1"]
[WhiteElo "1894"]
[BlackElo "1998"]
[PlyCount "82"]
[EventDate "2010.12.03"]
[EventType "swiss"]
[EventRounds "10"]
[EventCountry "ESP"]
[Source "lmi"]
[SourceDate "2010.12.03"]

1. d4 Nf6 2. Bf4 g6 3. e3 Bg7 4. Nf3 O-O 5. Be2 d6 6. O-O c5 7. c3 b6 8. Nbd2
Bb7 9. h3 Nbd7 10. Bh2 Qc7 11. a4 a6 12. Nc4 Bc6 13. Nfd2 b5 14. Na5 Bd5 15. c4
bxc4 16. Ndxc4 cxd4 17. exd4 Nb6 18. Ne3 Be4 19. Rc1 Qd7 20. b3 Rfc8 21. Rxc8+
Qxc8 22. Qd2 Bh6 23. Rc1 Qd7 24. Nac4 Nxc4 25. Bxc4 Nd5 26. Re1 Qb7 27. Qb2
Nxe3 28. fxe3 d5 29. Bf1 Rc8 30. b4 Rc2 31. Qb3 Qc8 32. Bf4 g5 33. Bg3 g4 34.
h4 Rc3 35. Bxa6 Rxb3 36. Bxc8 Bxe3+ 37. Rxe3 Rxe3 38. b5 Rxg3 39. Bd7 Rxg2+ 40.
Kf1 Ra2 41. b6 g3 0-1